| 000 | 00582nam a2200217Ia 4500 | ||
|---|---|---|---|
| 005 | 20260629163254.0 | ||
| 008 | 260629s9999||||xx |||||||||||||| ||und|| | ||
| 020 |
_a8172762984 _qhb |
||
| 020 |
_a9788172762988 _qhb |
||
| 082 |
_a294.59218 _bPIP |
||
| 100 | _aPiparaiya, Ram K. [ed.] | ||
| 245 | 0 | _aTen Upanishads of four Vedas | |
| 260 |
_aMumbai _bBharatyia Vidya Bhavan / INDUSvista _c2003 |
||
| 300 | _a610p. ; 27cm. | ||
| 653 | _aHindu philosophy | ||
| 653 | _aSacred books of Hinduism | ||
| 653 | _aUpanishads | ||
| 653 | _aVedanta | ||
| 653 | _aVedas | ||
| 942 | _cBK | ||
| 999 |
_c57295 _d57295 |
||